Normal view
MARC view
Entry Personal Name
001 - CONTROL NUMBER
- control field: 8815
003 - CONTROL NUMBER IDENTIFIER
- control field: OSt
005 - DATE AND TIME OF LATEST TRANSACTION
- control field: 20160516143545.0
008 - FIXED-LENGTH DATA ELEMENTS
- fixed length control field: 160516|| aca||aabn | a|a d
040 ## - CATALOGING SOURCE
- Original cataloging agency: OSt
- Transcribing agency: OSt
100 ## - HEADING--PERSONAL NAME
- Personal name: Martin, Vivien; Charlesworth, Julie
670 ## - SOURCE DATA FOUND
- Source citation: Work cat.: (OSt): Martin, Vivien; Charlesworth, Julie, Managing in Health and Social Care
